书目信息 |
| 题名: |
新颖彩色电视机电路分析及维修
|
|
| 作者: | 程新生 编 | |
| 分册: | ||
| 出版信息: | 北京 科学出版社 1988.12 |
|
| 页数: | 204页 | |
| 开本: | 26cm | |
| 丛书名: | ||
| 单 册: | ||
| 中图分类: | TN949.8 , TN949.12 | |
| 科图分类: | ||
| 主题词: | 电视--各种体制 | |
| 电子资源: | ||
| ISBN: | 7-03-000979-7 | |
| 000 | 00796nam0 2200253 45 | |
| 001 | 0189011773 | |
| 005 | 20040518173107.2 | |
| 010 | @a7-03-000979-7@dCNY4.10 | |
| 020 | @aCN@b89011773 | |
| 100 | @a19910105d1988 m y0chiy0120 ea | |
| 101 | 0 | @achi |
| 102 | @aCN@b110000 | |
| 105 | @ay z 000yy | |
| 106 | @ar | |
| 200 | 10 | @a新颖彩色电视机电路分析及维修@Axin ying cai se dian shi ji dian lu fen xi ji wei xiu@f程新生等编@Fcheng xin sheng deng bian |
| 210 | @a北京@c科学出版社@d1988.12 | |
| 215 | @a204页@d26cm | |
| 540 | 1 | @a彩色电视机 电路分析 维修@Acai se dian shi ji dian lu fen xi wei xiu |
| 606 | 0 | @a电视@x各种体制 |
| 690 | @aTN949.8@v1980 | |
| 690 | @aTN949.12 | |
| 701 | 0 | @a程新生@Acheng xin sheng@4编 |
| 801 | 0 | @aCN@bNLC@c19910105 |
| 905 | @f1@b215836@dTN949.12@e102 | |
| 新颖彩色电视机电路分析及维修/程新生等编.-北京:科学出版社,1988.12 |
| 204页;26cm |
| ISBN 7-03-000979-7:CNY4.10 |
| ● |
| 相关链接 |
|
|
|
|
正题名:新颖彩色电视机电路分析及维修
索取号:TN949.12/102
 
预约/预借
| 序号 | 登录号 | 条形码 | 馆藏地/架位号 | 状态 | 备注 |
| 1 | 0215836 | 001326167 | 第三借阅区/ [索取号:TN949.12/102] | 在馆 | |
| 2 | 0215837 | 001326121 | 第二样本阅览室/ [索取号:TN949.12/102] | 在馆 |